| 000 | | | 04498nac2a22003013x 450 |
| 001 | | | fc31a393-3777-4dc7-95be-dff37a687b1f |
| 005 | | | 20211210145616.0 |
| 100 | ## | $a | 20211120l19061910k y0rusy50 ca |
| 101 | 0# | $a | rus |
| 102 | ## | $a | RU |
| 105 | ## | $a | y z ||||| |
| 122 | 2# | $a | d19061024 |
| | $a | d19100324 |
| 200 | 1# | $a | Денисов /Областной Войска Донского предводитель дворянства/. О заседании акционеров Южно-Русского Общества и по вопросу о заготовке мяса для армии |
| | $j | 24 октября 1906 - 24 марта 1910 |
| 215 | ## | $a | 6 листов |
| 251 | ## | $c | Дело |
| 300 | ## | $a | Заголовок дела на папке: Письма и телеграмма Денисова - Звегинцеву Ал. Ив. (О заседании акционеров Южно-русского общества и по вопросу о заготовке мяса для армии) |
| 300 | ## | $a | Лист: 5 - телеграмма |
| 300 | ## | $a | Рукописный и машинописный текст |
| 330 | ## | $a | Входит в раздел описи: 1. Письма к А. И. Звегинцову. 3/ Письма имущественно-хозяйственного характера |
| 461 | #0 | $1 | 001fc48e33c-c630-4015-85dd-2f2aab656f45 |
| | $1 | 2001 |
| | $a | Звегинцев Александр Иванович, помещик Воронежской губернии, депутат III Государственной думы, член партии "Союз 17 октября" |
| | $1 | 251 |
| | $c | Фонд |
| | $1 | 852 |
| | $j | 932 |
| 462 | #0 | $1 | 001ddcf82e7-7bd9-4c5e-b7f1-85df8b3febb3 |
| | $1 | 2001 |
| | $a | Дела постоянного хранения. 1899-1913 гг. |
| | $v | Д. 502 |
| | $1 | 251 |
| | $c | Опись |
| | $1 | 852 |
| | $j | 1 |
| 517 | 1# | $a | Письма и телеграмма Денисова - Звегинцеву Ал. Ив. (О заседании акционеров Южно-русского общества и по вопросу о заготовке мяса для армии) |
| 600 | #1 | $a | Звегинцев |
| | $b | А. И. |
| | $g | Александр Иванович |
| 600 | #1 | $a | Денисов |
| 601 | 02 | $a | Южно-русское общество |
| 801 | #0 | $a | RU |
| | $b | GA_RF |
| 801 | #1 | $a | RU |
| | $b | ГлавНИВЦ |
| | $c | 20211120 |
| | $2 | rusmarc |
| 801 | #2 | $a | RU |
| | $b | ПБ им. Б.Н. Ельцина |
| | $c | 20211210 |
| | $g | RCR |
| | $2 | rusmarc |
| 852 | ## | $a | ГА РФ |
| | $j | 502 |
| 937 | ## | $d | 171431587 |
| | $h | ГАРФ |
| 035 | ## | $a | RuPRLIB51062745 |
| 856 | ## | $u | http://readingroom.main.prlib.ru/item.aspx?id_node=n171431587&mode=full |